000 00405nam a22001697a 4500
005 20160629165526.0
008 160629b xxu||||| |||| 00| 0 eng d
020 _a81-7554-150-4
041 _aeng
082 _b10859
100 _aFoster, Temothy R.V.
_93236
245 _a101 Ways to Boost Customer Safisfaction
260 _bkogan
_c2003
300 _a157
650 _aManagement
_9241
942 _cBK
999 _c4767
_d4765